banner-ar

THE POPULATION FRAMEWORK: DATA COLLECTION, DEMOGRAPHIC ANALYSIS POPULATION AND DEVELOPMENT / (Record no. 15243)

MARC details
000 -الفاتح
حقل البيانات ثابتة الطول 00573nam a2200193Ia 4500
008 - عناصر البيانات ثابتة الطول - معلومات عامة
حقل البيانات ثابتة الطول 140319s9999 xx 000 0 eng d
040 ## - مصدر الفهرسة
وكالة الفهرسة الأصلية GCL /
وكالة النسخ GCL
082 04 - رقم تصنيف ديوى العشرى
رقم التصنيف 338.9
رقم المادة E P
100 1# - المدخل الرئيسى - إسم شخصى
الإسم الشخصى EL SHAFEI, A.M.N
245 10 - بيان العنوان
العنوان THE POPULATION FRAMEWORK: DATA COLLECTION, DEMOGRAPHIC ANALYSIS POPULATION AND DEVELOPMENT /
بيان المسئوليه,etc EL SHAFEI, A.M.N
700 1# - المدخل الاضافى - اسم شخصى
الإسم الشخصى KHALIFA, A.M
260 ## - PUBLICATION, DISTRIBUTION, ETC. (IMPRINT)
تاريخ النشر أو التوزيع 1978
300 ## - الوصف المادى
التعداد 310 P
650 04 - المدخل الاضافى بالموضوع-مصطلح موضوعى
مصطلح موضوعي ECONOMICS
650 04 - المدخل الاضافى بالموضوع-مصطلح موضوعى
مصطلح موضوعي ECONOMIC DEVELOPMENT
650 04 - المدخل الاضافى بالموضوع-مصطلح موضوعى
مصطلح موضوعي POPULATION
942 ## - عناصر المدخل الإضافي( كوها)
مصدر التصنيف او مخطط الترفيف Dewey Decimal Classification
Koha [default] item type كتاب
260 ## - PUBLICATION, DISTRIBUTION, ETC. (IMPRINT)
-- [S.N] :
-- ECONOMIC COMMISSION FOR WESTERN ،
Holdings
حالة التراجع حالة الفقد حالة تلف ليس للاعارة المكان المؤقت الموقع الحالى تاريخ الاكتساب اجمالي اﻻعارات رقم الطلب الباركود تاريخ اخر مشاهدة تاريخ تفعيل السعر نوع وعاء كوها
        مكتبة القاهرة الكبرى مكتبة القاهرة الكبرى 03/26/2014   338.9\E P 28307 03/26/2014 03/26/2014 كتاب

Powered By

EGPV